Normal view
MARC view
- DR RASHID AHMAD
Entry Personal Name
001 - CONTROL NUMBER
- control field: 72898
003 - CONTROL NUMBER IDENTIFIER
- control field: NUST
005 - DATE AND TIME OF LATEST TRANSACTION
- control field: 20210628204935.0
008 - FIXED-LENGTH DATA ELEMENTS
- fixed length control field: 210628|| aca||aabn | a|a d
040 ## - CATALOGING SOURCE
- Original cataloging agency: NUST
- Transcribing agency: NUST
100 ## - HEADING--PERSONAL NAME
- Personal name: DR RASHID AHMAD
670 ## - SOURCE DATA FOUND
- Source citation: Work cat.: (NUST): ALTAF HUSSAIN, 56525, TH-SOF-0639-ENHANCEMENT AND IMPLEMENTATION OF MATURITY MODEL FOR SOFTWARE PROCESS IMPROVEMENT.PDF, 2018
